000
00325 a2200109 4500
001
ART_47579
005
20260410162041.0
008
260409a
245
1
0
_a
Los servicios digitales y los impuestos a los consumos
100
1
_a
Coronello, Silvina E.
773
0
_t
Impuestos
_g
- N°36 (sep. 2018)
_w
REV45175
999
_c
34912
_d
34912